000 00705nam a22001817a 4500
008 110816t1969 xxu||||g |||| 000 0 ara d
082 _222
_a519.2
_bج ن ى
100 _926742
_aجنيدينكو،خينتشين
245 _aالمبادىء الاولية لنظرية الاحتمالات /
_c[خينتشين جنيدينكو ].
260 _aموسكو:
_bدار مير للطباعة و النشر،1969.
_c1969.
300 _a208ص،
_c24سم.
650 _926743
_aالاحتمالات(رياضيات)
653 _bGeneral
_cAugust2011
942 _2ddc
_cBB
_hRDA-MOD
999 _c15848
_d15848
336 _2rdacontent
_aنص
_btxt
337 _aبدون وسيط
_2rdamedia
_bn
338 _aمجلد
_bnc
_2rdacarrier